000 00504nam a2200193Ia 4500
003 GCL
008 140319s9999 xx 000 0 eng d
040 _aGCL /
_cGCL
082 0 4 _a660.2995
_bB C
100 1 _aBECKER, E. ROVERT
245 1 0 _aCOMPUTER - AIDED DESIGN OF CATALYSTS /
_cBECKER, E. ROVERT
700 1 _aPEREIRA, CARMO J
260 _a[S.N] :
_bMARCEL DEKKER, INC ،
_c993
300 _a619 P
650 0 4 _aCOMPUTER
650 0 4 _aCATALYSTS
650 0 4 _aAIDED DESIGN
942 _2ddc
_cBK
999 _c10314
_d10314